000
00324nam a22001457a 4500
008
210225b ||||| |||| 00| 0 eng d
020
_a
9781600345906
041
_a
eng
080
_a
658
082
_a
658
100
_a
54
101
_a
LID
245
_a
Cross-Cultural Leadership
_c
Ao,L.M & Penley,D.R
942
_2
udc
_c
BK
999
_c
55231
_d
55231